|
|
|
|
| LEADER |
00000nam0a2200000 4500 |
| 001 |
359983 |
| 005 |
20250211063212.0 |
| 035 |
|
|
|a (RuTPU)RU\TPU\retro\17290
|
| 035 |
|
|
|a RU\TPU\retro\17288
|
| 090 |
|
|
|a 359983
|
| 100 |
|
|
|a 20210216d1964 k y0rusy5003 ca
|
| 101 |
0 |
|
|a rus
|
| 102 |
|
|
|a RU
|
| 105 |
|
|
|a y z 001zy
|
| 200 |
1 |
|
|a Электротехника
|e [тематический сборник]
|f Московский энергетический институт ; под ред. В. Г. Герасимова ; под ред. В. В. Коген-Далина
|
| 210 |
|
|
|a Москва
|c Изд-во МЭИ
|d 1964
|
| 215 |
|
|
|a 220 с.
|c табл., ил.
|
| 225 |
1 |
|
|a Труды Московского энергетического института (МЭИ)
|v Вып. 57
|
| 320 |
|
|
|a Библиогр. в конце ст.
|
| 500 |
1 |
0 |
|a Труды Московского энергетического института
|9 88841
|
| 606 |
1 |
|
|a Электротехника общая
|2 stltpush
|3 (RuTPU)RU\TPU\subj\20906
|9 45967
|
| 610 |
1 |
|
|a теоремы
|
| 610 |
1 |
|
|a нелинейные двухполюсники
|
| 610 |
1 |
|
|a преобразования
|
| 610 |
1 |
|
|a электрические цепи постоянного тока
|
| 610 |
1 |
|
|a многозначная индексация
|
| 610 |
1 |
|
|a погрешности измерения
|
| 610 |
1 |
|
|a датчики
|
| 610 |
1 |
|
|a расчеты
|
| 610 |
1 |
|
|a азимутальные определения
|
| 610 |
1 |
|
|a магнитные системы
|
| 610 |
1 |
|
|a неоднородности
|
| 610 |
1 |
|
|a постоянные магниты
|
| 610 |
1 |
|
|a контроль параметров
|
| 610 |
1 |
|
|a электропроводящие объекты
|
| 610 |
1 |
|
|a следящие системы
|
| 610 |
1 |
|
|a дефектоскопия
|
| 610 |
1 |
|
|a феррозонды
|
| 610 |
1 |
|
|a моделирование
|
| 610 |
1 |
|
|a магнитные поля
|
| 610 |
1 |
|
|a металлические изделия
|
| 610 |
1 |
|
|a защита от перенапряжения
|
| 610 |
1 |
|
|a изготовление
|
| 610 |
1 |
|
|a отключающие устройства
|
| 610 |
1 |
|
|a защита от перенапряжения
|
| 610 |
1 |
|
|a трансформаторы
|
| 610 |
1 |
|
|a изоляция
|
| 610 |
1 |
|
|a газовый поток
|
| 610 |
1 |
|
|a электрическая энергия
|
| 610 |
1 |
|
|a преобразование
|
| 610 |
1 |
|
|a фазовые характеристики
|
| 675 |
|
|
|a 621.3
|v 3
|
| 702 |
|
1 |
|a Герасимов
|b В. Г.
|4 340
|
| 702 |
|
1 |
|a Коген-Далин
|b В. В.
|4 340
|
| 712 |
0 |
2 |
|a Московский энергетический институт
|c (1930-1992)
|3 (RuTPU)RU\TPU\col\20092
|9 27693
|
| 801 |
|
0 |
|a RU
|b 63413507
|c 19950704
|g psbo
|
| 801 |
|
1 |
|a RU
|b 63413507
|c 20060118
|g PSBO
|
| 801 |
|
2 |
|a RU
|b 63413507
|c 20220207
|g PSBO
|
| 942 |
|
|
|c BK
|